000 00294nam a22001337a 4500
008 181015b xxu||||| |||| 00| 0 eng d
020 _a639785300601
041 _aeng
080 _a330
100 _a52
101 _aEKO
245 _aPrinciples of Economics
_cSalvatore, D
942 _2udc
_cBK
999 _c49745
_d49745